IMF provides resources to members under various facilities.

Štruktúra finančných zdrojov, ktorými disponuje MMF a zásady pre ich sprístupnenie členským krajinám. Popis jednotlivých úverových systémov, ktoré sú k dispozícii členom podľa uvažovaných hospodárskych programov a výšky ich členskej kvóty. Postup uvoľňovania prostriedkov, platné limity pre jednotliv...

Full description

Saved in:
Bibliographic Details
Format: Book Chapter
Language:English
Subjects:
Tags: Add Tag
No Tags, Be the first to tag this record!

MARC

LEADER 00000naa a2200000 4500
001 r011101
005 20220913122334.7
041 0 |a eng 
044 |a US 
245 1 0 |a IMF provides resources to members under various facilities. 
520 |a Štruktúra finančných zdrojov, ktorými disponuje MMF a zásady pre ich sprístupnenie členským krajinám. Popis jednotlivých úverových systémov, ktoré sú k dispozícii členom podľa uvažovaných hospodárskych programov a výšky ich členskej kvóty. Postup uvoľňovania prostriedkov, platné limity pre jednotlivé druhy úverových systémov a doba trvania pomoci. 
610 2 0 |a Medzinárodný menový fond 
610 2 0 |a úver 
610 2 0 |a pôžičky 
610 2 0 |a kvóty 
610 2 0 |a programy vládne 
610 2 0 |a limity